Top 8 Zigaretten Marken Deutschland 2022 - Statistiken

Allgemein
  • Dieses Quiz wurde 541 mal gespielt
  • Das Durchschnittsergebnis liegt bei 3 aus 8
Antwortstatistiken
Hint Antwort % Korrekt
1. Marlboro
88%
7. Camel
65%
3. L&M
49%
2. Pall Mall
44%
4. West
35%
5. Winston
28%
6. Gauloises
21%
8. Chesterfield
19%
Keine übereinstimmenden Quizze gefunden
Verteilung der Resultate
Anzahl Personen mit jedem Resultat
Perzentil nach korrekt beantworteten Fragen
Ihre Resultats-Entwicklung
Sie haben dieses Quiz noch nicht gespielt